000 01108nam a2200337 a 4500
001 000036502
003 DO-SdBPM
005 20260507091034.0
007 ta
008 120119s1997 sp ad 000 0 spa d
020 _a8432992127
040 _aDO-SdBPM
_bspa
_cBPMSU
_drda
082 0 4 _a371.33
_bF372t, 1997
_222
100 1 _aFerrández, Adalberto
_eautor
_4aut.
245 1 0 _aTecnología didáctica :
_bteoría y práctica de la programación escolar /
_c Adalberto Ferrández ; Jaime Sarramona ; Luis Tarín.
250 _a5a ed.
260 _c
264 _aBarcelona :
_bEdiciones CEAC,
_c1997
300 _a349 páginas :
_bilustración., diagramass. ;
_c24 cm.
336 _atexto
_btxt
_2rdacontent
337 _asin mediación
_bn
_2rdamedia
338 _avolumen
_bnc
_2rdacarrier
504 _aIncluye bibliografía.
590 _aInventariado, 2026/VM
650 7 _a Metodología en pedagogía
650 7 _aTecnología educativa
_x
700 1 _aSarramona, Jaime
_eautor
700 1 _aTarín, Luis
_4autor
910 _aVMateo V. Control de calidad. BPMSU
942 _2ddc
_cBK
999 _c15826
_d15826